Roman Numbers - Statistics

General Stats
  • This quiz has been taken 71 times
  • The average score is 10 of 15
Answer Stats
Hint Answer % Correct
4 iv
96%
48 xlviii
83%
123 cxxiii
79%
78 lxxviii
77%
23 xxiii
77%
578 dlxxviii
73%
976 cmlxxvi
65%
1956 mcmlvi
63%
456 cdlvi
62%
999 cmxcix
62%
987 cmlxxxvii
60%
1593 mdxciii
60%
654 dcliv
56%
827 dcccxxvii
54%
1999 mcmxcix
50%
No matching quizzes found
Score Distribution
Percent of People with Each Score
Percentile by Number Answered
Your Score History
You have not taken this quiz